00405nam a2200145Ia 4500008004100000020001800041041000800059082001900067100001400086245009800100260002300198300000800221365001600229700001400245230718s9999 xx 000 0 und d a9788172737122 aeng a364.16'80bSHA aSharma S. aCorporate Crimes And Financial Frauds bWith Biggest Financial Frauds In The History Of India c2013bAuthorspress a225 cRs.b700.00 aSharma S.